[Event "Main Vogelsberg op 4th"]
[Site "Heusenstamm"]
[Date "2009.05.02"]
[Round "4"]
[White "Aquino, Ciro"]
[Black "Hillgaertner, Walter"]
[Result "1-0"]
[WhiteElo "1711"]
[BlackElo "1976"]
[PlyCount "117"]
[EventDate "2009.04.30"]
[EventType "swiss"]
[EventRounds "7"]
[EventCountry "GER"]
[SourceTitle "CBM 130 Extra"]
[Source "ChessBase"]
[SourceDate "2009.07.02"]
[SourceVersion "2"]
[SourceVersionDate "2009.07.15"]
[SourceQuality "1"]

1. e4 c5 2. Nc3 Nc6 3. g3 g6 4. Bg2 Bg7 5. d3 d6 6. Be3 e6 7. Qd2 Rb8 8. Nge2 Nd4 9. Nd1 Ne7 10. c3 Nxe2 11. Qxe2 Nc6 12. 0-0 0-0 13. Qd2 e5 14. Bh6 Bxh6 15. Qxh6 Qf6 16. Ne3 Qg7 17. Qxg7+ Kxg7 18. f4 f6 19. Rf2 Be6 20. f5 Bg8 21. Bf3 Ne7 22. fxg6 hxg6 23. Bd1 d5 24. Bb3 dxe4 25. Bxg8 Rxg8 26. dxe4 Rgd8 27. Raf1 Rd6 28. g4 Re6 29. Rd2 Nc6 30. Rfd1 Re7 31. Rd7 Rbe8 32. R7d5 b6 33. Rd6 Re6 34. Kf2 Kf7 35. Nc4 R8e7 36. a4 Rc7 37. h4 Ne7 38. Rd7 Rec6 39. Rd8 Re6 40. Kf3 Nc6 41. Ra8 Ree7 42. h5 gxh5 43. gxh5 Rcd7 44. Rh1 Ke6 45. Ne3 Rh7 46. h6 Ne7 47. Kg4 Ng6 48. Nd5 Ne7 49. c4 Nc6 50. Rf8 Rdf7 51. Re8+ Kd7 52. Rg8 Nd4 53. Ne3 Ne6 54. Nf5 Nd4 55. Nxd4 cxd4 56. Kf5 d3 57. Rg3 Kc6 58. Rxd3 Kc5 59. Kg6 1-0